| 000 | 00812nas a2200265 4500 | ||
|---|---|---|---|
| 001 | BR9209275 | ||
| 003 | BR-BrBNA | ||
| 005 | 20231205093240.0 | ||
| 007 | ta | ||
| 008 | 230509b bl.|||p| |||| 00| 00por d | ||
| 040 |
_aBR-BrBNA _bpor _cBiblioteca Nacional de Agricultura |
||
| 041 | _a(Pt) | ||
| 072 | _aL02 | ||
| 100 | 1 | _aBona Filho, A. | |
| 100 | 1 | _aTahira, J.K. | |
| 100 | 1 | _aMorales, S.R. | |
| 100 | 1 | _aSilva, N.L. | |
| 245 | 1 | _aComparacao entre tres formas de fornecimento de leite no aleitamento de bezerros da raca holandesa | |
| 650 | _aBEZERRO | ||
| 650 | _aALEITAMENTO | ||
| 650 | _aNUTRICAO ANIMAL | ||
| 773 | 0 |
_tRevista do Setor de Ciencias Agrarias (Brazil) _xISSN 0100-607X _g(1981), v. 3(2) p. 117-122 _wBR9209275 |
|
| 909 |
_a202311 _bLúcia _c55 _dLúcia Elande |
||
| 942 |
_2AGRIS _n0 _cANA |
||
| 999 |
_c137067 _d137067 |
||